Κατάλογος Βιβλιοθηκών Mediterranean College

Managing Effectively in the World Marketplace / Harvard Business Review (Record no. 914)

MARC details
000 -LEADER
fixed length control field 01340cam a22002054a 4500
005 - ΗΜΕΡΟΜΗΝΙΑ ΚΑΙ ΩΡΑ ΤΕΛΕΥΤΑΙΑΣ ΕΝΗΜΕΡΩΣΗΣ
Πεδίο ελέγχου 20250605163949.0
008 - FIXED-LENGTH DATA ELEMENTS--GENERAL INFORMATION
Πεδίο ελέγχου σταθερού μήκους 250528s ||||||||||||||||||||||||d
035 ## - SYSTEM CONTROL NUMBER
System control number 15324
020 ## - ISBN
ISBN 471876836
040 ## - ΠΗΓΗ ΚΑΤΑΛΟΓΟΓΡΑΦΗΣΗΣ
Φορέας πρωτότυπης καταλογογράφησης MC Athens Campus Library
Γλώσσα καταλογογράφησης Ελληνικά, Μοντέρνα (1453-)
Modifying agency MC Athens Campus Library
Κανόνες περιγραφικής καταλογογράφησης AACR2
245 1# - ΤΙΤΛΟΣ ΚΑΙ ΔΗΛΩΣΗ ΥΠΕΥΘΥΝΟΤΗΤΑΣ
Τίτλος Managing Effectively in the World Marketplace / Harvard Business Review
260 ## - PUBLICATION, DISTRIBUTION, ETC.
Name of publisher, distributor, etc. John Wiley And Sons, Inc,
Date of publication, distribution, etc. 1983
300 ## - PHYSICAL DESCRIPTION
Extent 598
505 0# - FORMATTED CONTENTS NOTE
Formatted contents note Introduction, How to Bridge The Cultural Gap, Organizational Design: The Key to Success?, Competition as the Main Component of International Strategy, International Manufacturing and Production, International Marketing and Exporting, Foreign Investment: Where and When and Why and How Much?, Technology Transfer: Scanning for Hidden Assets, How to Cure Nagging Financial Headaches, Author and Subject Index.
520 ## - SUMMARY, ETC.
Summary, etc. Introduction, How to Bridge The Cultural Gap, Organizational Design: The Key to Success?, Competition as the Main Component of International Strategy, International Manufacturing and Production, International Marketing and Exporting, Foreign Investment: Where and When and Why and How Much?, Technology Transfer: Scanning for Hidden Assets, How to Cure Nagging Financial Headaches, Author and Subject Index.
700 1# - ΠΡΟΣΘΕΤΗ ΑΝΑΓΡΑΦΗ--ΦΥΣΙΚΟ ΠΡΟΣΩΠΟ
Personal name Dickson N. Douglas
9 (RLIN) 1222
942 ## - ADDED ENTRY ELEMENTS (KOHA)
Koha item type Books
Holdings
Τύπος τεκμηρίου Βιβλιοθήκη Τρέχουσα τοποθεσία Barcode Αριθμός εισαγωγής Ημερομηνία απόκτησης Ταξιθετικό σύμβολο Αριθμός αντιτύπου Κατάσταση απόσυρσης Κατάσταση χαμένου Κατάσταση κατεστραμμένου Μη δανεισμός Σύνολο δανεισμών Ημερομηνία τελευταίας εμφάνισης Η τιμή ισχύει από
Books MC Athens Campus Library MC Athens Campus Library 9780000009135 1572 05/06/2025 658.1/8 DIC 1           05/06/2025 05/06/2025

MC Athens Campus Library
Πατησίων 94 & Κοδριγκτώνος 13, 104 34
Πελλήνης 8 & Πατησίων 107, 112 51
Τ: +30 210 8899600

MC Thessaloniki Campus Library
Ίωνος Δραγούμη 21, 54625 | Ίωνος Δραγούμη 15, 54625
Τ: +30 2310 287779 – Τ: +30 2314 440300